000 00377nam a2200109Ia 4500
008 220214s9999 xx 000 0 und d
100 _aParnata J
245 0 _aNotes on hevea root diseases in North Sumatra
260 _bRoot Ddiseases: International Rubber Research and Development Board Liaison Meeting, 4 October 1972, Medan, Indonesia
_c1972
300 _a3-Jan
942 _cRE
999 _c46377
_d46377